| 000 | 01621cam a22003378a 4500 | ||
|---|---|---|---|
| 001 | 15647418 | ||
| 005 | 20090309140434.0 | ||
| 008 | 090305s2009 enk b 001 0 eng | ||
| 010 | _a 2009008862 | ||
| 020 | _a9780470778159 (cloth) | ||
| 040 |
_aDLC _cDLC |
||
| 050 | 0 | 0 |
_aTA654.6 _b.D69 2009 |
| 082 | 0 | 0 |
_a624.1762 _222 _bDOW |
| 100 | 1 |
_aDowrick, David _98872 |
|
| 245 | 1 | 0 |
_aEarthquake Resistant Design and Risk Reduction / _cDavid Dowrick. |
| 250 | _a2nd ed. | ||
| 260 |
_aChichester, West Sussex, U.K. : _bWiley, _cc2009. |
||
| 263 | _a0907 | ||
| 300 |
_axvi, 530p. : _bill.; _c24 cm. |
||
| 500 | _aRev. ed. of: Earthquake risk reduction. 2003. | ||
| 504 | _aIncludes bibliographical references and index. | ||
| 650 | 0 |
_aEarthquake engineering. _98873 |
|
| 650 | 0 |
_aEarthquake resistant design. _98874 |
|
| 650 | 0 |
_aEarthquake hazard analysis. _98875 |
|
| 700 | 1 |
_aDowrick, David J. _tEarthquake risk reduction. _98876 |
|
| 942 |
_2ddc _cBB |
||
| 999 |
_c12793 _d12793 |
||